Quizzes
Events
Quiz Creation
Community
Videos
Private Events
Remove Ads
Sign In
Join for FREE
Feedback
Dark Mode
Quiz Categories
Sports
Geography
Music
Movies
Television
Just For Fun
Miscellaneous
History
Literature
Language
Science
Gaming
Entertainment
Religion
Holiday
For Kids
Quiz Lab
Recent
Popular Today
Quiz Kudos Today
Editor Picks
Curator Picks
Quizzes by...
Day
Popularity
Type
Ratings
Length
Year
Community
Subscriptions
Recent Discussions
Orange Saloon
Badges
Playlists
Quests
Create
Leaderboards
Showdown
Live 5
Trivia Bingo
Activity
Puzzle Library
Sporcle Events
Private Events
Virtual Trivia
Globe League
Become a Host
Pub Owners
SporcleCon
Opinionation
Our Games
Videos
Blog
Mobile Apps
Partnerships
Remove Ads and Go Orange
Feedback
Geography
Country
Landmarks
City
State
Population
World
Capital
Continent
Flags
Europe
Africa
Asia
South America
North America
Oceania
Border
Canada
United Kingdom
Topography
United States
Geography
Country
Landmarks
City
State
Population
World
Capital
Continent
Flags
Europe
Africa
Asia
South America
North America
Oceania
Border
Canada
United Kingdom
Topography
United States
Random Quiz
Search Sporcle
×
Quiz Lab
Quiz Lab
Geography
Sweden
Type in answers that appear in a list
Type in answers that appear in a list
Classic
Best Score? Go Orange.
All About Sweden Stats
Can you name the facts about Sweden?
By
Danski49
5m
35 Questions
77 Plays
77 Plays
77 Plays
Comments
Comments
Give Quiz Kudos
Give Quiz Kudos
-
- Ratings
hide this ad
Replay
Link that replays current quiz
Next Quiz
Link to next quiz in quiz playlist
You Got
0%
They Got
Avg Score
37%
Avg Friend Score
Upgrade to see
Score Distribution
Jump to the score distribution portion of the page
Score
0/35
Timer
05:00
0
Plays Today
Question
Answer
% Correct
Capital
Stockholm
94.8%
County
Stockholm
94.8%
Official Language
Swedish
88.3%
Demonym
Swedish
88.3%
Second Largest City
Gothenburg
81.8%
Drives on the
Right
79.2%
Currency
Swedish Krona
71.4%
Top Level Domain
.se
67.5%
Demonym
Swede
55.8%
Calling Code
+46
40.3%
County
Skåne
40.3%
Monarch
Carl XVI Gustaf
36.4%
Prime Minister
Ulf Kristersson
36.4%
County
Uppsala
28.6%
County
Blekinge
27.3%
County
Örebro
27.3%
County
Dalarna
27.3%
County
Kalmar
26%
Question
Answer
% Correct
County
Norrbotten
26%
County
Gotland
24.7%
County
Västerbotten
24.7%
County
Värmland
23.4%
County
Jämtland
23.4%
County
Jönköping
22.1%
County
Östergötland
20.8%
Population (2023 est.) to 2 s.f.
10,540,886
19.5%
County
Halland
19.5%
County
Västra Götaland
19.5%
County
Södermanland
18.2%
County
Kronoberg
18.2%
County
Västmanland
15.6%
Year of Independence
1905
13%
County
Gävleborg
13%
County
Västernorrland
13%
Area(km^2) to 2 s.f.
450,295
9.1%
Quiz Playlist
Details
Report
Send in Message
Add To Playlist
Classic:
Type in answers that appear in a list
Last Updated: Oct 31, 2021
Quiz Scoreboard
CHALLENGE
Sign Up to Join the Scoreboard
Show All
Scores
Hide
Comments
May contain spoilers
Recently Published
Presidents Visiting Landmarks
by Hejman
History
7m
An Introduction to Baseball
by treessimontrees
Sports
5m
Movies - When Are They Set?
by FPL_Elf
Movies
5m
More to Explore
Quiz From the Vault
Featured Blog Post
Where Did the Easter Bunny Come From?
hide this ad
You Might Also Like...
Tags
Sweden
Today's Top Quizzes in Geography
Browse Geography
hide this ad
Today's Top Quizzes in Sweden
Browse Sweden
Top Contributed Quizzes in Geography
1
Countries of the World - No Outlines Minefield
2
Top 25 Cities of France on a map
3
Any capital of a 'B' country per Continent
4
Closest Countries to UK A-Z
5
Any capital of a 'C' country per Continent
6
One Thing in Common: United Kingdom
7
Any capital of a 'D' country per Continent
8
Find the Provinces of Canada - No Outlines Minefield
9
5-to-1: US Geography No Hints
10
Any capital of an 'E' country per Continent
Explore More
Trending Topics
Anime
Disney
Crossword
NBA
Marvel
Kpop
Harry Potter
Pokémon
NFL
Song
The Office
Country
Puzzle
WWE
Soccer
hide this ad
More By:
Danski49
Quiz
Plays
Rating
Category
Featured
Created
German States throughout history Part 1
214
5.00
History
Aug 23, 2016
All About Singapore
170
5.00
Geography
Feb 9, 2016
Partially Recognised States
165
Geography
Oct 3, 2015
Monarchs of Gewisse, Wessex, England, GB and the UK
139
5.00
History
Oct 8, 2016
Constituent Countries
111
3.00
Geography
Sep 19, 2015
Go to Creator's Profile
Score Distribution
Quiz Creator Spotlight
Danski49
Follow
Send a Message
Quizzes Created
-
Created Quiz Play Count
-
More By This Creator
Popular Quizzes Today
1
Find the US States - No Outlines Minefield
2
Find the Countries of Europe - No Outlines Minefield
3
The Countries of the World
4
Find the US States
5
Popular People in 1961
6
US States
7
Risky Map Clicking: Biggest States A-Z
8
1-10 Letter E Words III
More Geography Quizzes
Quick Pick: Berkshire's Borders
Quiz Lab
Trending Quizzes
Risky Map Clicking: Least Populous States A-Z
1-10 Letter G Words
1-10 Letter F Words
Risky Map Clicking: Next State Alphabetically
Risky Map Clicking: Biggest States A-Z
Recently Updated
Leaping Animals
pecheneg
Reality TV Shows (A-Z)
bhenderson79
Rickey Henderson's Hall of Fame Teammates
pecheneg
Champions League XIs: Arsenal
pecheneg
Quick Pick: Celebrities in WWE's Hall of Fame
aduchscher
A-Z Keypad Blitz II
pecheneg
Multiple Oscar Actors
pecheneg
Mystery Phrase Blitz: Oscar 'Best Actors'
pecheneg
F. Scott Fitzgerald Novels
LTH
Pick 3 Villains
ddd62291
Trending Topics
Anime
Crossword
Marvel
Disney
Harry Potter
Kpop
NBA
Puzzle
Pokémon
WWE
NFL
Song
Soccer
Country
The Office
Your Account Isn't Verified!
In order to create a playlist on Sporcle, you need to verify the email address you used during registration. Go to your
Sporcle Settings
to finish the process.
Report this User
Report this user for behavior that violates our
Community Guidelines
.
Details:
Send Report
Go to the Sporcle.com Mobile Site →
Comments